火山の多い国 - Statistics

General Stats
  • This quiz has been taken 198 times
  • The average score is 19 of 30
Answer Stats
% Correct
日本 122
100%
アメリカ合衆国 165
97%
インドネシア 120
92%
ロシア 117
92%
中国 10
90%
チリ 91
87%
カナダ 24
87%
メキシコ 38
80%
フィリピン 38
78%
イタリア 13
77%
アルゼンチン 34
76%
ニュージーランド 24
74%
ペルー 16
74%
アイスランド 35
70%
コロンビア 14
68%
イギリス 14
61%
パプアニューギニア 46
60%
フランス 19
59%
トルコ 10
59%
エクアドル 36
58%
エチオピア 52
40%
ケニア 21
39%
トンガ 21
37%
コスタリカ 10
36%
グアテマラ 23
35%
エルサルバドル 20
34%
ポルトガル 13
34%
ニカラグア 17
31%
バヌアツ 17
23%
イエメン 11
8%
No matching quizzes found
Score Distribution
Percent of People with Each Score
Percentile by Number Answered
Your Score History
You have not taken this quiz